Statistics for Most Popular Maltese Surnames

Click here to take the quiz!

General Stats

  • This quiz has been taken 111 times
  • The average score is 13 of 50

Answer Stats

RankingIncidence (2014)Answer% Correct
114,711Borg
82%
98,198Attard
52%
213,184Vella
52%
156,345Muscat
50%
204,878Abela
48%
313,118Camilleri
48%
136,881Mifsud
48%
422,670Buttigieg
45%
88,919Grech
45%
117,253Spiteri
45%
411,698Farrugia
43%
59,900Zammit
43%
146,532Caruana
36%
127,097Azzopardi
34%
234,192Gauci
34%
165,587Agius
32%
263,543Vassallo
32%
273,506Bonnici
27%
78,962Micallef
27%
214,469Sammut
27%
402,688Mizzi
25%
273,506Aquilina
23%
303,392Calleja
23%
107,572Cassar
23%
462,514Cauchi
23%
69,046Galea
23%
244,000Debono
20%
184,944Fenech
20%
224,288Gatt
20%
175,317Pace
20%
194,932Schembri
20%
253,789Bugeja
18%
323,302Cutajar
18%
412,682Xuereb
18%
442,640Busuttil
16%
372,989Saliba
16%
313,344Scicluna
16%
502,111Baldacchino
14%
333,206Falzon
14%
343,140Grima
14%
422,670Scerri
14%
452,616Tabone
14%
482,406Bartolo
11%
363,025Ellul
11%
353,097Mallia
11%
382,827Bonello
9%
492,358Mercieca
9%
293,428Portelli
9%
472,466Sciberras
9%
392,815Cachia
7%

Score Distribution

Percentile by Number Answered

Percent of People with Each Score

Your Score History

You have not taken this quiz